000 00599nam a2200193Ia 4500
008 090201s9999 xx 000 0 und d
010 _aKPL-68784
020 _a81-7424-078-0
040 _bमराठी
041 _aमराठी
082 _a47293
_b68784
100 _aशिरीष कणेकर
245 _aगोली मार भेजे में
_cशिरीष कणेकर
250 _a1
260 _c2001
_bराजा प्रकाशन
300 _a160
_bमध्यम
600 _aगोली मार भेजे में
942 _cBOOK
999 _c244007
_d244007